000
00306nam a2200133Ia 4500
100
_a
Whiteside /L.W
942
_c
BK
654
_a
Management
245
_a
Effective Management Techniques for Getting Things Done
260
_b
Vikas
_a
Delhi
_c
1971
082
_a
658.3
300
_a
213
546
_a
ENGLISH
999
_c
31642
_d
31642